| 000 | 01453nam a2200349 i 4500 | ||
|---|---|---|---|
| 001 | ELB68054 | ||
| 003 | FlNmELB | ||
| 005 | 20250326043902.0 | ||
| 006 | m o d | | ||
| 007 | cr cnu|||||||| | ||
| 008 | 190503s2010 cl o 000 0 spa d | ||
| 020 | _z9789562846516 | ||
| 020 | _a9781449279899 (e-book) | ||
| 035 | _a(OCoLC)1230152949 | ||
| 040 |
_aFINmELB _bspa _erda _cFINmELB |
||
| 050 | 4 |
_aPN511 _b.B733 2010 |
|
| 082 | 0 |
_a809 _223 |
|
| 100 | 1 |
_aBradford, Lisa, _eautor. |
|
| 245 | 1 | 0 |
_aDe la nieve, los pajaros : _bPoesia de mujeres NorteAmericanas / _cLisa Bradford. |
| 264 | 1 |
_aSantiago de Chile : _bRIL editores, _c2010. |
|
| 300 | _a1 recurso en línea (212 páginas) | ||
| 336 |
_atexto _btxt _2rdacontent/spa |
||
| 337 |
_acomputadora _bc _2rdamedia/spa |
||
| 338 |
_arecurso en línea _bcr _2rdacarrier/spa |
||
| 588 | _aDescripción basada en el editor de metadatos y otras fuentes. | ||
| 590 | _aRecurso electrónico. Santa Fe, Arg.: elibro, 2018. Disponible vía World Wide Web. El acceso puede estar limitado para las bibliotecas afiliadas a elibro. | ||
| 650 | 0 |
_aLiterature _xHistory and criticism. |
|
| 655 | 4 | _aLibros electrónicos. | |
| 776 | 0 | 8 |
_iPrint version: _aBradford, Lisa. _tDe la nieve, los pajaros : Poesia de mujeres NorteAmericanas. _dSantiago de Chile : RIL editores, 2010 _h212 páginas _z9789562846516 |
| 797 | 2 | _aelibro, Corp | |
| 856 | 4 | 0 |
_uhttps://elibro.net/ereader/usam/68054 _zClick to View |
| 999 |
_c154640 _d154640 |
||